书目信息 |
| 题名: |
高等师范院校人体组织解剖学教学大纲
|
|
| 作者: | ;北京师大等合 编 | |
| 分册: | ||
| 出版信息: | 北京 人民教育出版社 1980 |
|
| 页数: | 16页 | |
| 开本: | 20cm | |
| 丛书名: | ||
| 单 册: | ||
| 中图分类: | R329.4 | |
| 科图分类: | ||
| 主题词: | 人体器官--人体组织学 , 显微解剖学 | |
| 电子资源: | ||
| ISBN: | ||
| 000 | 00573nam0 2200217 45 | |
| 001 | 0181013191 | |
| 005 | 20070618094719.71 | |
| 010 | @dCNY0.05 | |
| 091 | @a7012.0330 | |
| 100 | @a20810111d1980 km y0chiy0120 ea | |
| 101 | 0 | @achi |
| 200 | 1 | @a高等师范院校人体组织解剖学教学大纲@Aren ti zu zhi jie pao xue |
| 210 | @a北京@c人民教育出版社@d1980@h1981 | |
| 215 | @a16页@d20cm | |
| 300 | @a供生物专业试用 | |
| 606 | 0 | @a人体器官@x人体组织学 |
| 606 | 0 | @a显微解剖学 |
| 690 | @aR329.4@v3 | |
| 711 | 02 | @a北京师大等合@4编 |
| 801 | @aCN@bTSTC@c20070618 | |
| 905 | @dR329.4@e169 | |
| 高等师范院校人体组织解剖学教学大纲.-北京:人民教育出版社,1980(1981) |
| 16页;20cm |
| 供生物专业试用 |
| ISBN :CNY0.05 |
| ● |
| 相关链接 |
|
|
|
|
正题名:高等师范院校人体组织解剖学教学大纲
索取号:R329.4/169
 
预约/预借
| 序号 | 登录号 | 条形码 | 馆藏地/架位号 | 状态 | 备注 |
| 1 | 0652924 | 206529247 | 第二样本阅览室/ [索取号:R329.4/169] | 在馆 |